Drawing Fashion Creating a Collection (Record no. 10593)

MARC details
000 -LEADER
fixed length control field 00386nam a22001577a 4500
003 - CONTROL NUMBER IDENTIFIER
control field OSt
008 - FIXED-LENGTH DATA ELEMENTS--GENERAL INFORMATION
fixed length control field 210327b ||||| |||| 00| 0 eng d
020 ## - INTERNATIONAL STANDARD BOOK NUMBER
International Standard Book Number 9781784045067
082 ## - DEWEY DECIMAL CLASSIFICATION NUMBER
Classification number 741.672 LOD
100 ## - MAIN ENTRY--PERSONAL NAME
Personal name LOVELL, Hilary
245 ## - TITLE STATEMENT
Title Drawing Fashion Creating a Collection
260 ## - PUBLICATION, DISTRIBUTION, ETC. (IMPRINT)
Place of publication, distribution, etc Arcturus Publishing
Name of publisher, distributor, etc London
Date of publication, distribution, etc 2015
300 ## - PHYSICAL DESCRIPTION
Extent 128
650 ## - SUBJECT ADDED ENTRY--TOPICAL TERM
Topical term or geographic name as entry element Textile
942 ## - ADDED ENTRY ELEMENTS (KOHA)
Source of classification or shelving scheme Dewey Decimal Classification
Koha item type Text Books
Holdings
Withdrawn status Lost status Source of classification or shelving scheme Damaged status Not for loan Collection code Home library Current library Date acquired Source of acquisition Currency Cost, normal purchase price Bill Number Total Checkouts Full call number Acc. no. / Barcode Checked out Date last seen Date last borrowed Actual Cost, discounted price Bill Date Koha item type
    Dewey Decimal Classification     B.Tech(TE) PIET C-LIBRARY PIET C-LIBRARY 27/03/2021 Variety Book Store In Rupees 840.55 155/VBS 1 741.672 LOD 32737 16/05/2024 18/11/2023 18/11/2023 756.55 22/03/2021 Text Books

Design & Developed by: PIET Central Library
R70 Miles Stone Pattikalyana Samalkha Panipat 132102
mail ID :- [email protected], Phone No:- 0180-2569700 Ex.216